00780nam a2200205 a 450000100060000000300090000600800410001502000150005604000280007108200150009911000380011424500520015226000360020430000140024065000280025494200120028299900170029495201300031195201330044111910CO-ViMGA141112s2004 ck r 000 u spa d a8480550570 aCO-ViMGAbspacCO-ViMGA04aR581 A751b aCultural de ediciones S.A.91675910aAtlas de Botánica : bEl mundo de las plantas aMadrid, cCultural S.A., c1998 a112 p.il.14aBOTANICA - ATLAS916760 2ddccBK c22984d22984 00102ddc40708GENaMECUMARAbMECUMARAcGENd2024-06-12l0oR580.02A74pCUM00435r2024-06-12 16:34:16tEj.1w2024-06-12yBK 00102ddc40708GENaMECUBARRbMECUBARRcGENd2024-06-13l0oR580.0223 A74pCUB03102r2024-06-13 16:54:12tEj.1w2024-06-13yBK